Diagnósticos enfermeros: definiciones y clasificación, 2009-2011

Saved in:
Bibliografiske detaljer
Institution som forfatter: NANDA International (Author)
Format: Bog
Sprog:spansk
Udgivet: Barcelona Elsevier 2010
Udgivelse:1a. ed
Fag:
Tags: Tilføj Tag
Ingen Tags, Vær først til at tagge denne postø!

MARC

LEADER 00000cam a2200000 a 4500
001 UCD4926
003 CL-VaPUC
008 160731e20100000sp |||||||||||||||||spa|d
020 |a 9788480864817 
082 0 4 |a 610.73  |b NAN  |2 21 
110 2 |a NANDA International  |e author  |9 588644 
245 1 0 |a Diagnósticos enfermeros: definiciones y clasificación, 2009-2011 
250 |a 1a. ed 
300 |a 431 p 
942 |c BK 
945 |d 20160731 21:25:00  |a dcastane 
260 |a Barcelona  |b Elsevier  |c 2010 
650 7 |a ENFERMERIA  |2 CL-VaPUC  |9 358289 
650 0 |a Diagnóstico médico  |9 306819 
583 |a last modification  |c 20170531 10:18:19  |k Rodrigo Vera 
999 |c 365716  |d 365714